Advanced Concrete Technology : Constituent Materials / (Record no. 2244)

000 -LEADER
fixed length control field 00337 a2200097 4500
020 ## - INTERNATIONAL STANDARD BOOK NUMBER
International Standard Book Number 0750651032
100 ## - MAIN ENTRY--PERSONAL NAME
Personal name Newman, John
245 ## - TITLE STATEMENT
Title Advanced Concrete Technology : Constituent Materials /
Statement of responsibility, etc. Edited by John Newman, Ban Seng Choo
260 ## - PUBLICATION, DISTRIBUTION, ETC.
Place of publication, distribution, etc. Amsterdam :
Name of publisher, distributor, etc. Elsevier Advanced Technology,
Date of publication, distribution, etc. 2003
300 ## - PHYSICAL DESCRIPTION
Extent various Pages
Other physical details ill. ;
Dimensions 25 cm
650 ## - SUBJECT ADDED ENTRY--TOPICAL TERM
Topical term or geographic name entry element concrete Technology
Holdings
Withdrawn status Lost status Damaged status Not for loan Permanent Location Current Location Shelving location Date acquired Total Checkouts Barcode Date last seen Date last checked out Price effective from Koha item type
        School of Civil and Environmental Engineering (SCEE) School of Civil and Environmental Engineering (SCEE)     2 NIT-6616 08/17/2021 04/14/2021 01/05/2017 Book
© 2023 Central Library, National University of Sciences and Technology. All Rights Reserved.